000 00752nam a2200205Ia 4500
001 15343
003 GE_BSU
008 181216s||||||||xx |||||||||||||| ||und||
040 _cGE_BSU
245 _aელგუჯა.ხევისბერი გოჩა
245 _bმოთხრობები
245 _cშესავ.წერილი შენიშვნ. და ლექსიკ. ლადო მინაშვილისა
260 _aთბილისი
260 _bთბილისის უნ-ტის გამ-ბა
260 _c1991
300 _a350გვ.20სმ.
653 _aელგუჯა.ხევისბერი გოჩა
653 _aმოთხრობები
942 _cBK
999 _c48451
_d48451